<?xml version="1.0" encoding="UTF-8"?>
<marc:record xmlns:marc="http://www.loc.gov/MARC21/slim">
   <marc:leader>00000nam a2200000 a 4500</marc:leader>
   <marc:datafield ind1="1" ind2=" " tag="100">
      <marc:subfield code="a">Karallus,Thomas</marc:subfield>
      <marc:subfield code="4">aut</marc:subfield>
      <marc:subfield code="e">Verfasser/-in</marc:subfield>
   </marc:datafield>
   <marc:datafield ind1="1" ind2=" " tag="100">
      <marc:subfield code="a">und viele weitere</marc:subfield>
   </marc:datafield>
   <marc:datafield ind1="1" ind2=" " tag="100">
      <marc:subfield code="a">Fitzen, Hilla</marc:subfield>
   </marc:datafield>
   <marc:datafield ind1="1" ind2=" " tag="100">
      <marc:subfield code="a">Reini, Martin</marc:subfield>
   </marc:datafield>
   <marc:datafield ind1="1" ind2=" " tag="100">
      <marc:subfield code="a">Reini, Martin</marc:subfield>
   </marc:datafield>
   <marc:datafield ind1="1" ind2=" " tag="100">
      <marc:subfield code="a">Salomon, Lennart</marc:subfield>
   </marc:datafield>
   <marc:datafield ind1=" " ind2=" " tag="653">
      <marc:subfield code="a">Lieder</marc:subfield>
   </marc:datafield>
   <marc:datafield ind1=" " ind2=" " tag="653">
      <marc:subfield code="a">Erdmännchen</marc:subfield>
   </marc:datafield>
   <marc:datafield ind1=" " ind2=" " tag="653">
      <marc:subfield code="a">Gutenachtgeschichte</marc:subfield>
   </marc:datafield>
   <marc:datafield ind1=" " ind2=" " tag="653">
      <marc:subfield code="a">Geschichten für Kinder ab 6 Jahren</marc:subfield>
   </marc:datafield>
   <marc:datafield ind1=" " ind2=" " tag="653">
      <marc:subfield code="a">Miträtseln</marc:subfield>
   </marc:datafield>
   <marc:datafield ind1="0" ind2="0" tag="245">
      <marc:subfield code="a">Jan &amp; Henry</marc:subfield>
   </marc:datafield>
   <marc:datafield ind1="0" ind2="0" tag="245">
      <marc:subfield code="b">8 lustige Miträtsel-Geschichten und 2 Lieder für eine gute Nacht</marc:subfield>
   </marc:datafield>
   <marc:datafield ind1="0" ind2="0" tag="245">
      <marc:subfield code="c">Thomas Karallus. Hilla Fitzen. Martin Reini. Lennart Salomon. Martin Reini ; und viele weitere</marc:subfield>
   </marc:datafield>
   <marc:datafield ind1=" " ind2="1" tag="264">
      <marc:subfield code="b">WDR mediagroup GmbH</marc:subfield>
   </marc:datafield>
   <marc:datafield ind1="1" ind2=" " tag="490">
      <marc:subfield code="a">Tonie; Jan &amp; Henry</marc:subfield>
   </marc:datafield>
   <marc:datafield ind1="1" ind2=" " tag="520">
      <marc:subfield code="a">&lt;br/&gt;„Alle Augen zugemacht, wir schlafen jetzt die ganze Nacht!“&lt;br/&gt;&lt;br/&gt;8 lustige Miträtsel-Geschichten und 2 Lieder für eine Gute Nacht&lt;br/&gt;&lt;br/&gt;Die Erdmännchen-Brüder Jan &amp; Henry werden jede Nacht von einem neuen, unbekannten&lt;br/&gt;Geräusch vom Schlafen abgehalten. Mit viel Neugier und Fantasie versuchen sie, jedes&lt;br/&gt;Rätsel zu lösen. Dabei entstehen die lustigsten Geschichten. Aus blubbernder Suppe wird ein&lt;br/&gt;Feuerwehrmann, der auf dem Schlauch steht und das Wasser damit stoppt. Und bekommen&lt;br/&gt;Jan &amp; Henry tatsächlich Besuch von einem Bär? Ratet mit!&lt;br/&gt;In ihren Liedern gehen die beiden auf musikalische Erlebnisreisen, die zum Nachdenken,&lt;br/&gt;Nachmachen und natürlich auch Nachsingen anregen. In ihren Liedern geht es um das&lt;br/&gt;Entdecken der eigenen Stärken und um die Fantasie.&lt;br/&gt;Jan ist traurig, dass er viele Dinge noch nicht kann. Sein Bruder Henry singt ihm ein&lt;br/&gt;aufbauendes Lied, indem er ihm zeigt, dass er trotzdem ganz viele Stärken und Talente&lt;br/&gt;besitzt.&lt;br/&gt;&lt;br/&gt;Titelliste&lt;br/&gt;01 - Die Oma in der Ritterrüstung&lt;br/&gt;02 - Auf dem Schlauch&lt;br/&gt;03 - Die Toilette im Weltraum&lt;br/&gt;04 - Das Piratenfest&lt;br/&gt;05 - Vieles kannst du schon allein&lt;br/&gt;06 - Die lachende Mumie&lt;br/&gt;07 - Der Bär mit den Karten&lt;br/&gt;08 - Der schwitzende Schneemann&lt;br/&gt;09 - Der Cowboy auf dem Motorboot&lt;br/&gt;10 - In meiner Fantasie</marc:subfield>
   </marc:datafield>
   <marc:datafield ind1=" " ind2=" " tag="020">
      <marc:subfield code="a">4251192131263</marc:subfield>
      <marc:subfield code="9">4251192131263</marc:subfield>
   </marc:datafield>
   <marc:datafield ind1=" " ind2=" " tag="041">
      <marc:subfield code="a">ger</marc:subfield>
   </marc:datafield>
   <marc:datafield ind1="1" ind2=" " tag="521">
      <marc:subfield code="a">0</marc:subfield>
   </marc:datafield>
   <marc:datafield ind1=" " ind2=" " tag="300">
      <marc:subfield code="a">1 Toniefigur, 43 Minuten</marc:subfield>
   </marc:datafield>
</marc:record>
